| 000 | 00723nam a2200241 i 4500 | ||
|---|---|---|---|
| 001 | 10506 | ||
| 003 | ES-MaACL | ||
| 005 | 20230906145912.0 | ||
| 007 | t| | ||
| 008 | 950814s1994 sp ||||1| spa d | ||
| 020 | _a84-245-0664-2 | ||
| 080 | _a32(46)"1975/..." | ||
| 100 | 1 |
_aClemente, Josep Carles. _939196 |
|
| 245 | 1 | 0 |
_aHistorias de la Transición _b: el fin del apagón : (1973-1981) / _cJosep Carles Clemente. |
| 250 | _a1ª ed. | ||
| 260 |
_aMadrid : _bFundamentos, _c1994. |
||
| 300 |
_a221 p. ; _c20 cm. |
||
| 490 | 1 |
_aCiencia ; _v188 |
|
| 651 | 4 |
_aEspaña- _xPolítica y gobierno- _y1975-1982. _98447 |
|
| 830 | 0 |
_aCiencia ; _v188 _9178487 |
|
| 852 |
_aES-MaACL _jL-17934 _bR.123074 |
||
| 999 |
_c10506 _d10506 |
||